000 00420nam a2200157Ia 4500
003 OSt
005 20230602102619.0
008 211028s2012 xx 000 0 und d
040 _cAIMIT LIBRARY
041 _aeng
100 _aPrabha, Naik Prajot; Kudari, Medha.
_98362
_e101919
110 _aMedha Kudari
_98363
245 _aAsset management system - managing data.
260 _aMangalore
_c2012
942 _2ddc
_cPRO
999 _c219850
_d219850